[Event "SVK-ch U14"]
[Site "Tatralandia"]
[Date "2024.04.07"]
[Round "3"]
[White "Janoska, Peter"]
[Black "Meszaros, Casey Ryan"]
[Result "1/2-1/2"]
[WhiteElo "1802"]
[BlackElo "1999"]
[PlyCount "56"]
[EventDate "2024.04.05"]
[EventType "swiss"]
[EventRounds "9"]
[EventCountry "SVK"]
[SourceTitle "CB16_2024"]
[SourceDate "2024.04.17"]
[SourceVersion "1"]
[SourceVersionDate "2024.04.17"]
[SourceQuality "1"]

1. e4 c6 2. d4 d5 3. e5 Bf5 4. Nf3 e6 5. Nbd2 c5 6. c3 Nc6 7. Nb3 cxd4 8. Nbxd4 Nge7 9. Bb5 h6 10. Nxf5 Nxf5 11. 0-0 Bc5 12. Qa4 Qd7 13. Rd1 Rd8 14. Nd4 Bxd4 15. cxd4 Rc8 16. Be3 a6 17. Bxc6 Rxc6 18. Rac1 Rxc1 19. Qxd7+ Kxd7 20. Rxc1 Rc8 21. Rxc8 Kxc8 22. Kf1 Kc7 23. Ke2 Kb6 24. Kd3 Kb5 25. Kc3 a5 26. g3 a4 27. a3 Ne7 28. Kd3 Nf5 1/2-1/2